00431nam a2200133Ia 4500008004100000082001300041100003300054245010000087260003900187300001500226520001100241650002800252700001700280230907s9999||||xx |||||||||||||| ||und|| a620bADN aMuhammad Adnan (00000206332) 0aNumerical Analysis in Enhancement of Heat Transfer with Pin Fins using Peripheral Protrusions / aUSPCAS-E, NUST,bIslamabad :c2021 axii, 59 p. aTH-259 aMS TEE Thesis MS Thesis aDr Majid Ali